00338 a2200109 450000500170000002000220001708200160003911100090005524500970006426000430016130000240020420250415115138.0 a978-1 78415-689-3 a657.076 ACC aACCA aPaper 1 FIA Diploma in Accounting and Business: Accountant in Business ( AB/FAB) Exam Kit. aBritain,bKaplan Financial LTD,c2016. a224p.: ill.; c29cm